000
00330nam a22001457a 4500
008
210308b ||||| |||| 00| 0 eng d
020
_a
9780321692603
041
_a
eng
080
_2
3rd
_a
311
082
_2
311
100
_a
55
101
_a
STA
245
_a
Stats DATA and Models
_c
DE VEAUX , WELLEMAN BOCK
942
_2
udc
_c
BK
999
_c
55911
_d
55911